Ensayo de correlación endocrino-psicológica en la mujer : (Record no. 46722)

MARC details
000 -LEADER
campo de control de longitud fija 00861nam a2200193 i 4500
001 - NÚMERO DE CONTROL
campo de control 46722
003 - IDENTIFICADOR DE NÚMERO DE CONTROL
campo de control ES-MaACL
005 - FECHA Y HORA DE LA ÚLTIMA TRANSACCIÓN
campo de control 20230906161433.0
007 - CAMPO FIJO DE DESCRIPCIÓN FÍSICA--INFORMACIÓN GENERAL
campo de control de longitud fija t|
008 - DATOS DE LONGITUD FIJA--INFORMACIÓN GENERAL
campo de control de longitud fija 030331s1927 sp ||||1| spa d
100 1# - ENTRADA PRINCIPAL--NOMBRE DE PERSONA
Nombre de persona Cónill Montobbio, Víctor.
9 (RLIN) 40183
245 10 - MENCIÓN DEL TÍTULO
Título Ensayo de correlación endocrino-psicológica en la mujer :
Resto del título (fundamentos biológicos del destino de la mujer) : discurso leído en la Real Academia de Medicina y Cirugía de Barcelona el día 6 de noviembre de 1927 en su recepción /
Mención de responsabilidad, etc. por Víctor Cónill Montobbio ; discurso de contestación de Pedro Jubiola Espinós.
260 ## - PUBLICACIÓN, DISTRIBUCIÓN, ETC.
Lugar de publicación, distribución, etc. Barcelona :
Nombre del editor, distribuidor, etc. J. Horta,
Fecha de publicación, distribución, etc. 1927.
300 ## - DESCRIPCIÓN FÍSICA
Extensión 56 p. ;
Dimensiones 27 cm.
650 #4 - PUNTO DE ACCESO ADICIONAL DE MATERIA--TÉRMINO DE MATERIA
Término de materia o nombre geográfico como elemento de entrada Endocrinología ginecológica.
9 (RLIN) 166160
700 1# - ENTRADA AGREGADA--NOMBRE PERSONAL
Nombre de persona Jubiola Espinos, Pedro.
9 (RLIN) 67178
710 2# - ENTRADA AGREGADA--NOMBRE DE ENTIDAD CORPORATIVA
Nombre de entidad corporativa o nombre de jurisdicción como elemento de entrada Real Academia de Medicina de Barcelona.
9 (RLIN) 6324
852 4# - LOCALIZACIÓN
Ubicación ES-MaACL
Número de control de estantería 1720-F-9
Holdings
Estatus retirado Estado de pérdida Estado de daño No para préstamo Colección Biblioteca de origen Biblioteca actual Ubicación en estantería Fecha de adquisición Fuente de adquisición Total de préstamos Signatura topográfica completa Código de barras Visto por última vez Precio de reemplazo Tipo de ítem Koha
        Colección de folletos Biblioteca del Ateneo de Madrid Biblioteca del Ateneo de Madrid Depósito folletos 17/01/2008     1720-F-9 1049141 23/02/2023 23/02/2023 Folleto